[Event "RUS-chT2"]
[Site "Sochi"]
[Date "2016.05.07"]
[Round "6.9"]
[White "Khokhlova, Daria"]
[Black "Zakharov, Nikolay A"]
[Result "1-0"]
[WhiteElo "2204"]
[BlackElo "1990"]
[PlyCount "67"]
[EventDate "2016.05.01"]
[EventType "team-swiss"]
[EventRounds "9"]
[EventCountry "RUS"]
[SourceTitle "EXT 2018"]
[Source "ChessBase"]
[SourceDate "2017.10.13"]
[SourceVersion "1"]
[SourceVersionDate "2017.10.13"]
[SourceQuality "1"]
[WhiteTeam "Yuzhno Sakhalinsk"]
[BlackTeam "Sakha Republic Yakutia"]
[WhiteTeamCountry "RUS"]
[BlackTeamCountry "RUS"]

1. Nf3 d5 2. g3 c6 3. Bg2 Bg4 4. 0-0 Nd7 5. d3 e5 6. e4 d4 7. h3 Bh5 8. Qe1 Ngf6 9. Nfd2 Ng8 10. Nb3 f6 11. f4 Bd6 12. N1d2 Bc7 13. Nf3 h6 14. Nh4 Ne7 15. fxe5 Bxe5 16. Nf3 c5 17. Nxe5 fxe5 18. Na5 Qc7 19. a4 0-0-0 20. Nc4 Rdf8 21. Rxf8+ Rxf8 22. b4 Bf7 23. b5 Bxc4 24. dxc4 Qd6 25. Qe2 Qg6 26. Ra3 Kb8 27. c3 Qe6 28. Ra2 Rf7 29. cxd4 exd4 30. e5 Rf8 31. Qe4 Qb6 32. e6 Nf6 33. Bf4+ Ka8 34. a5 1-0

[Event "RUS-chT2"]
[Site "Sochi"]
[Date "2016.05.04"]
[Round "4.9"]
[White "Zakharov, Nikolay A"]
[Black "Rozhko, Dmitry"]
[Result "0-1"]
[WhiteElo "1990"]
[BlackElo "2298"]
[PlyCount "72"]
[EventDate "2016.05.01"]
[EventType "team-swiss"]
[EventRounds "9"]
[EventCountry "RUS"]
[SourceTitle "EXT 2018"]
[Source "ChessBase"]
[SourceDate "2017.10.13"]
[SourceVersion "1"]
[SourceVersionDate "2017.10.13"]
[SourceQuality "1"]
[WhiteTeam "Sakha Republic Yakutia"]
[BlackTeam "Stavropol Region"]
[WhiteTeamCountry "RUS"]
[BlackTeamCountry "RUS"]

1. e4 e6 2. d4 d5 3. e5 c5 4. c3 Qb6 5. Nf3 Bd7 6. Bd3 cxd4 7. cxd4 Bb5 8. Nc3 Bxd3 9. Qxd3 Ne7 10. a3 Nec6 11. b4 Nd7 12. Bb2 Be7 13. Rc1 0-0 14. 0-0 Rfc8 15. Na4 Qd8 16. Nc5 Nxc5 17. dxc5 b6 18. b5 Na5 19. c6 Nc4 20. Qb3 a6 21. a4 axb5 22. axb5 Nxb2 23. Qxb2 Ba3 24. Qd4 Bxc1 25. Rxc1 Ra5 26. Qb4 Qf8 27. Qb1 Qa3 28. Nd4 Ra4 29. Rd1 Qc3 30. Nf3 Rca8 31. Qc1 Qxc1 32. Rxc1 Ra1 33. Rf1 Kf8 34. Nd4 Ke7 35. f4 Rxf1+ 36. Kxf1 Ra4 0-1